00747nam a2200217Ia 4500003000900000008004100009020001800050040001600068080001600084100002600100245012200126260004300248300001500291650004100306650001400347650002500361650001900386942000700405999001500412952010200427IN-BaIIA211028s9999 xx 000 0 eng d a0-300-02146-1 cIIA Library a524.83bCLO aCloud, Preston911187 0aCosmos, earth, and manba short history of the universecPreston Cloud  aNew HavenbYale University Pressc1978 axvi, 372p. aAstronomy and astrophysics thesaurus aCosmology aEarth sciences94578 aUniverse91987 cBK c6536d6536 00104070aBANbBANcGENd1980-08-06l0o524.83/ CLOp7269r2021-11-05w1980-08-06yBKG£ 10.75